Interdisziplinäre Aspekte der interkulturellen Verhandlungen im deutschprachigen Raum bezogen auf Deutschland, Österreich und die Schweiz bakalárska práca

Gespeichert in:
Bibliographische Detailangaben
1. Verfasser: Kvaska, Roman
Körperschaft: Fakulta aplikovaných jazykov EU v Bratislave. Katedra interkultúrnej komunikácie
Weitere Verfasser: Helmová, Milena, 1954-
Format: Buch
Sprache:Deutsch
Veröffentlicht: Bratislava 2014
Tags: Tag hinzufügen
Keine Tags, Fügen Sie das erste Tag hinzu!

MARC

LEADER 00000nbm a2200000 4500
001 0187011
005 20170201084645.4
041 0 |a ger 
044 |a SK 
245 1 0 |a Interdisziplinäre Aspekte der interkulturellen Verhandlungen im deutschprachigen Raum bezogen auf Deutschland, Österreich und die Schweiz  |b bakalárska práca  |c Roman Kvaska ; školiteľ: Milena Helmová 
264 1 |a Bratislava  |c 2014 
300 |a 44 s. 
100 1 |a Kvaska, Roman 
700 1 |a Helmová, Milena, 1954- 
710 2 |a Fakulta aplikovaných jazykov EU v Bratislave. Katedra interkultúrnej komunikácie